Conservación: fotografía patrimonial

Uloženo v:
Podrobná bibliografie
Hlavní autor: Csillag Pimstein, Ilonka (Autor)
Médium: Kniha
Jazyk:španělština
Vydáno: Santiago SQM 2000
Vydání:5a. ed
Témata:
Tagy: Přidat tag
Žádné tagy, Buďte první, kdo vytvoří štítek k tomuto záznamu!

MARC

LEADER 00000nam a2200000 a 4500
001 UCK1079
003 CL-VaPUC
008 041105e20000000CL |||||||||||||||||spa|d
082 0 4 |a 025.84  |b CSI  |2 21 
100 0 |a Csillag Pimstein, Ilonka  |e author  |9 488881 
245 1 0 |a Conservación: fotografía patrimonial 
250 |a 5a. ed 
300 |a 126 p 
942 |c BK 
945 |d 20041105 00:00:00  |a vberengu 
260 |a Santiago  |b SQM  |c 2000 
650 0 |a Fotografías  |9 268494 
650 7 |a CONSERVACION Y RESTAURACION  |2 CL-VaPUC  |9 267543 
583 |a last modification  |c 20150713 04:47:35  |k Rodrigo Vera 
999 |c 311178  |d 311176 
952 |0 0  |1 0  |4 0  |6 025_840000000000000_CSI_2000  |7 0  |8 X  |9 380469  |a FDOMLP  |b FDOMLP  |d 2019-11-21  |i 4040023  |o 025.84 CSI 2000  |p 4040023  |r 2019-11-21  |w 2019-11-21  |y BK_X  |k BU2 
952 |0 0  |1 0  |4 0  |6 025_840000000000000_CSI_2000  |7 0  |8 A  |9 380470  |a BIBARQ  |b BIBARQ  |d 2019-11-21  |i 409882K  |o 025.84 CSI 2000  |p 409882K  |r 2025-01-20  |w 2019-11-21  |y BK  |k ARQ 
952 |0 0  |1 0  |4 0  |6 025_840000000000000_CSI_2000  |7 0  |8 A  |9 380471  |a BIBHIS  |b BIBHIS  |d 2019-11-21  |i 4098838  |o 025.84 CSI 2000  |p 4098838  |r 2025-01-20  |w 2019-11-21  |y BK  |k HIS 
952 |0 0  |1 0  |4 0  |6 025_840000000000000_CSI_2000  |7 0  |8 A  |9 380472  |a BIBHIS  |b BIBHIS  |d 2019-11-21  |i 4453395  |l 2  |o 025.84 CSI 2000  |p 4453395  |r 2025-01-20  |s 2024-04-04  |w 2019-11-21  |y BK  |k HIS 
952 |0 0  |1 0  |4 0  |6 025_840000000000000_CSI_2000  |7 0  |8 X  |9 380473  |a FDOBUD  |b FDOBUD  |d 2019-11-21  |i 459908K  |o 025.84 CSI 2000  |p 459908K  |r 2019-11-21  |w 2019-11-21  |y BK_X  |k BUD